| 000 | 01426nam a2200433 i 4500 | ||
|---|---|---|---|
| 001 | 41852 | ||
| 003 | KOSZ 005 | ||
| 005 | 20201208114059.0 | ||
| 008 | 011010s2001 pl f |000 0 pol d | ||
| 020 | _a8387297879 | ||
| 040 |
_cKOSZ 005 _aKOSZ 005 _dKOSZ 005/HR |
||
| 041 | 1 |
_apol _heng |
|
| 046 | _k2001 | ||
| 080 | _a004.42 | ||
| 080 | _a004.65 | ||
| 080 | _a004.4'232 | ||
| 080 | _a004.773.3 | ||
| 080 | _a004.738.5 | ||
| 080 | _a(07) | ||
| 100 | 1 |
_aUlrich, Laurie Ann _eAutor |
|
| 245 | 1 | 0 |
_aJak zrobić wszystko korzystając z ... Office XP / _cLaurie Ann Ulrich ; [tł. Kinga Frydrych, Krzysztof Padlikowski, Jakub Thiele-Wieczorek]. |
| 260 |
_aKraków : _b"Edition 2000", _ccop. 2001. |
||
| 300 |
_a652 s. : _bil. ; _c24 cm. |
||
| 336 |
_2rdacontent _aTekst _btxt |
||
| 337 |
_2rdamedia _aBezurządenia pośredniczącego _bn |
||
| 338 |
_2rdacarrier _aWolumin _bnc |
||
| 380 | _aKsiążki | ||
| 385 | _aPublikacje fachowe | ||
| 388 | _a2001- | ||
| 504 | _aIndeks. | ||
| 650 | 7 | _aMicrosoft Office | |
| 655 | _aPodręcznik | ||
| 658 | _aInformatyka i technologie informacyjne | ||
| 700 | 7 |
_aFrydrych, Kinga _eTłumaczenie |
|
| 700 | 7 |
_aPadlikowski, Krzysztof _eTłumaczenie |
|
| 700 | 7 |
_aThiele-Wieczorek, Jakub _eTłumaczenie |
|
| 856 |
_uhttp://koha.tu.koszalin.pl/cgi-bin/koha/opac-detail.pl?biblionumber=41852 _yKatalog online BPK |
||
| 942 |
_cKS _2UKD |
||
| 999 |
_c41852 _d41852 |
||